Forradalom és filozófia - Iljenkov, E.: Forradalom és filozófia. Kossuth, Bp. 1984.
Elmentve itt :
| Szerző: | |
|---|---|
| Adatforrás: | Philobibl |
| Forrásdokumentuma: | Magyar Filozófiai Szemle 29 1985/3-4., 619-622. p. |
| Dokumentumtípus: | Cikk |
| Nyelv: | magyar |
| Kulcsszavak: | dialektika materializmus |
| LEADER | 00416nab a2200121 c 4500 | ||
|---|---|---|---|
| 001 | bibDOK00002001 | ||
| 005 | 20200924115838.8 | ||
| 008 | 060518s1985 hu hun | ||
| 100 | 1 | |a Kovács B. Ilona | |
| 245 | 1 | 0 | |a Forradalom és filozófia - Iljenkov, E.: Forradalom és filozófia. Kossuth, Bp. 1984. |c Kovács B. Ilona |
| 695 | |a dialektika | ||
| 695 | |a materializmus | ||
| 773 | 0 | |t Magyar Filozófiai Szemle 29 |g 1985/3-4., 619-622. p. | |